Problemática de las especies exóticas (Registro nro. 5143)
[ vista simple ]
| 000 -CABECERA | |
|---|---|
| Campo de control | 01607nam a2200205 a 4500 |
| 005 - FECHA Y HORA DE LA ULTIMA TRANSACCION | |
| Campo de control | 20200104041556.0 |
| 008 - ELEMENTOS DE LONGITUD FIJA—INFORMACION GENERAL | |
| Campo de control | 140124b2005 ck ||||| |||| 00| 0 spa d |
| 040 ## - FUENTE DE CATALOGACIÓN | |
| Agencia transcriptora | CO-BoIH |
| 041 ## - IDIOMA | |
| Código de idioma para texto/pista de sonido o título separado | Español |
| 044 ## - PAÍS DE PUBLICACIÓN | |
| País de publicación | Colombia |
| 090 ## - CLASIFICACIÓN LOCAL | |
| Colección | IAVH |
| Consecutivo | 00498 |
| 110 ## - ASIENTO PRINCIPAL--NOMBRE CORPORATIVO | |
| Unidad subordinad | Instituto de Investigación de Recursos Biológicos Alexander von Humboldt |
| 245 ## - MENCION DE TITULO | |
| Título | Problemática de las especies exóticas |
| 260 ## - PUBLICACION, DISTRIBUCION, ETC. (PIE DE IMPRENTA) | |
| Lugar de publicación, distribución, etc. | Bogotá |
| Nombre del editor, distribuidor, etc. | Instituto Alexander von Humboldt |
| Fecha de publicación, distribución, etc. | 2005 |
| 300 ## - DESCRIPCION FISICA | |
| Extensión | 162 p. |
| 520 ## - NOTA DE RESUMEN, ETC. | |
| Nota de resumen | El primer capítulo de este estudio trata de la introducción de especies exóticas: un fenómeno global de pérdida de la diversidad biológica. Presenta las diferentes definiciones que se utilizan, una síntesis del conocimiento actual sobre invasiones biológicas y estudia la situación global y regional. El segundo capítulo analiza en detalle los riesgos de las introducciones, los transplantes y las especies invasoras, y plantea medidas y directrices para su prevención y control, refiriéndose en particular a los principios rectores establecidos en el mundo entero para, entre otros, mitigar el impacto derivado de especies exóticas. Plantea acciones a corto, mediano y largo plazo, lineamientos de educación y concientización ciudadana. Contiene un anexo con estudios de caso en el mundo.El tercer capítulo se refiere a la introducción, el transplante y la repoblación y explora el marco normativo nacional e internacional y el marco institucional. Cada capítulo viene acompañado de extensa bibliografía |
| 650 ## - ASIENTO SECUNDARIO DE MATERIA - TERMINO TEMATICO | |
| Término temático o nombre geográfico como elemento de entrada | Especies exóticas |
| 942 ## - ELEMENTOS ADICIONALES (KOHA) | |
| Tipo de ítem | Informe Técnico |
| Sistema de clasificación | Local |
| Koha issues (borrowed), all copies | 3 |
| 945 ## - PROCESAMIENTO LOCAL | |
| AAAA-MM-DD - Fecha de ingreso o modificacion | 2006-01-13 |
| Withdrawn status | Lost status | Sistema de Clasificación | Damaged status | No para préstamo | Colección | Inventariado | Ubicación Permanente | Ubicación actual | Fecha de adquisición | Total Checkouts | Número topográfico | Inventario / Código de Barras | Date last seen | Date checked out | Ejemplar | Price effective from | Forma de adquisición | Tipo de material |
|---|---|---|---|---|---|---|---|---|---|---|---|---|---|---|---|---|---|---|
| Local | Humboldt | Inventariado 2017 | Bogotá | Bogotá | 13/01/2006 | 3 | IAVH-00498 | 022844 | 09/08/2024 | 20/05/2016 | Ej. 1 | 04/12/2012 | Informe Técnico |